10 najbardziej zaludnionych państwa w Afryce - Statystyki

Ogólne statystyki
  • Ten quiz został rozwiązany 97 razy
  • Średni wynik to 7 z 10
Statystyki odpowiedzi
Odpowiedź % Poprawnych
3 Egipt
98%
5 RPA
97%
1 Nigeria
96%
2 Etiopia
80%
7 Kenia
79%
10 Sudan
79%
4 DRK
65%
6 Tanzania
63%
8 Uganda
46%
9 Algeria
26%
Nie znaleziono quizów pasujących do podanych kryteriów
Rozkład punktacji
Procent ludzi z każdym wynikiem
Percentyl według liczby udzielonych odpowiedzi
Twoja historia wyników
Nie rozwiązałeś tego quizu